| 000 | 00657nam a2200205Ia 4500 | ||
|---|---|---|---|
| 001 | 107326 | ||
| 003 | UNIBE | ||
| 005 | 20260422092506.0 | ||
| 008 | 26042212003 dr spspa spa | ||
| 040 |
_cBIBLIOTECA UNIBE _erda |
||
| 041 | _aspa | ||
| 110 |
_aRepública Dominicana. _bDefensor del Pueblo. _9108671 |
||
| 245 | 0 | _aMedidas anticipadas a la vigencia del nuevo código procesal penal | |
| 260 | 4 |
_aSanto Domingo : _bFundación Institucionalidad y Justicia (FINJUS), _c2003 |
|
| 300 | 4 | _a76 páginas | |
| 500 | 4 | _aFolletos en caricaturas | |
| 650 | 7 |
_aDerecho penal _2lemb |
|
| 650 | 7 |
_aAdministración de justicia _2lemb |
|
| 942 |
_2ddc _cMX |
||
| 999 |
_c114592 _d114592 |
||